Επίβλεψη κίνησης επιβατικών αεροσκαφών σε ελληνικά αεροδρόμια με τη χρήση τεχνολογιών διαδικτύου : μεταπτυχιακή εργασία
Στην σημερινή εποχή οπου το αεροπλάνο αποτελεί το βασικότερο μέσον μετακίνησης για μεγάλες αποστάσεις, η πτητική κίνηση αεροδρομίων αποτελεί σημείο ενδιαφέροντος τόσο για απλούς χρήστες όσο και για επιμέρους οργανισμούς που επιθυμούν να έχουν μια εικόνα της εναέριας κίνησης αναφορικά με αεροδρόμια....
Αποθηκεύτηκε σε:
| Κύριος συγγραφέας: | |
|---|---|
| Συγγραφή απο Οργανισμό/Αρχή: | |
| Μορφή: | Thesis Βιβλίο |
| Γλώσσα: | Greek |
| Δημοσίευση: |
2014.
|
| Θέματα: | |
| Διαθέσιμο Online: | http://hdl.handle.net/11610/12585 |
| Ετικέτες: |
Προσθήκη ετικέτας
Δεν υπάρχουν, Καταχωρήστε ετικέτα πρώτοι!
|
MARC
| LEADER | 00000cam a2200000 a 4500 | ||
|---|---|---|---|
| 001 | 1/110566 | ||
| 008 | 160413s2014####gr | ||| |||| ||gre|| | ||
| 040 | |a GR-MyUa |b gre |c GR-MyUa |e AACR2 | ||
| 041 | 0 | |a gre | |
| 082 | 7 | |a 629.1366 |2 (23) | |
| 100 | 1 | |a Σουρουλής, Χρήστος. | |
| 245 | 1 | 0 | |a Επίβλεψη κίνησης επιβατικών αεροσκαφών σε ελληνικά αεροδρόμια με τη χρήση τεχνολογιών διαδικτύου : |b μεταπτυχιακή εργασία / |c Χρήστος Σουρουλής ; επιβλέπων καθηγητής Εμ. Μαραγκουδάκης. |
| 260 | |c 2014. | ||
| 300 | |a 314 σ. : |b σχέδια, πιν. ; |c 30 εκ. | ||
| 502 | |a Διατριβή (μεταπτυχιακή) - Πανεπιστήμιο Αιγαίου, Σάμος, 2014. | ||
| 504 | |a Βιβλιογραφία: σ. 309-314. | ||
| 506 | 1 | |a Διάθεση πλήρους κειμένου ; |d Ενδοπανεπιστημιακή δημοσίευση. | |
| 520 | 8 | |a Στην σημερινή εποχή οπου το αεροπλάνο αποτελεί το βασικότερο μέσον μετακίνησης για μεγάλες αποστάσεις, η πτητική κίνηση αεροδρομίων αποτελεί σημείο ενδιαφέροντος τόσο για απλούς χρήστες όσο και για επιμέρους οργανισμούς που επιθυμούν να έχουν μια εικόνα της εναέριας κίνησης αναφορικά με αεροδρόμια. Στον ελλαδικό χώρο όπου ο τουρισμός αυξάνεται ραγδαία τα τελευταία χρόνια, οι μετακινήσεις με αεροπλάνο παρουσιάζουν μια άνοδο και τα αεροδρόμια ταυτόχρονα συνεχίζουν να αοτελούν την εικόνα μιας πόλης στην οποία ανήκει το εν λόγω αεροδρόμιο. Επίσης η κίνηση αεροδρομίου αποτελεί έναν δείκτη ανάπτυξης, τουριστικής και όχι μόνο, για έκαστη πόλη. Ένα εργαλείο παρακολούθησης της εναέριας κίνησης ενός αεροδρομίου αποτελεί σημαντικό βοήθημα για όσους επιθυμούν να έχουν μια εικόνα αυτής αλλά και συγκεντρωτικά στατιστικά τα οποία σχηματίζονται με δυναμικό τρόπο. Ένα εργαλείο, δυναμικό που συνεχώς εξελίσσεται και μπορεί να βρεί χρησιμότητα σε μια πληθώρα κατηγοριών χρηστών. | |
| 540 | |a Κλειδωμένη η δυνατότητα αντιγραφής (copy) του κειμένου. | ||
| 650 | 0 | |a Air traffic control |x Technological innovations. | |
| 650 | 0 | |a Airports |z Greece |x Statistics. | |
| 650 | 0 | |a Dissertations, Academic |z Greece. | |
| 700 | 1 | |a Μαραγκουδάκης, Εμμανουήλ, |e dgs | |
| 710 | 2 | |a Πανεπιστήμιο Αιγαίου. |b Σχολή Θετικών Επιστημών. |b Τμήμα Μηχανικών Πληροφοριακών και Επικοινωνιακών Συστημάτων. |b Π.Μ.Σ. Τεχνολογίες και Διοίκηση Πληροφοριακών και Επικοινωνιακών Συστημάτων. | |
| 852 | |a INST |b SAMOS |c DIATR |e 20160413 |h 629.1366 ΣΟΥ |p 005300043446 |q 005300043446 |t MTXE |y 23 | ||
| 852 | |a INST |b SAMOS |c DIATR |e 20160413 |h 629.1366 ΣΟΥ |p 005300043447 |q 005300043447 |t MTXE |y 23 | ||
| 856 | |u http://hdl.handle.net/11610/12585 | ||
| 924 | |a Σουρουλής |b Χρήστος |y Σάμος |z 2015-02 | ||
| 970 | |a Κοσιέρης |b Χρήστος |z 13-04-2016 | ||